Meghadūta : eka anucintana. (Record no. 78702)

MARC details
000 -LEADER
fixed length control field 00854cam a22002771 4500
001 - CONTROL NUMBER
control field sa 68002420
003 - CONTROL NUMBER IDENTIFIER
control field DLC
005 - DATE AND TIME OF LATEST TRANSACTION
control field 20260227112443.0
008 - FIXED-LENGTH DATA ELEMENTS--GENERAL INFORMATION
fixed length control field 890824s1965 ii abc b 000 0 hino
010 ## - LIBRARY OF CONGRESS CONTROL NUMBER
LC control number sa 68002420
035 ## - SYSTEM CONTROL NUMBER
System control number (OCoLC)20243389
040 ## - CATALOGING SOURCE
Original cataloging agency DLC
Transcribing agency WaU
Modifying agency DLC
041 0# - LANGUAGE CODE
Language code of text/sound track or separate title hinsan
042 ## - AUTHENTICATION CODE
Authentication code premarc
050 00 - LIBRARY OF CONGRESS CALL NUMBER
Classification number PK3796.M7
Item number P36
100 0# - MAIN ENTRY--PERSONAL NAME
Personal name Śrīrañjana Sūrideva,
Dates associated with a name 1926-
245 00 - TITLE STATEMENT
Title Meghadūta : eka anucintana.
260 ## - PUBLICATION, DISTRIBUTION, ETC.
Date of publication, distribution, etc. [1965]
300 ## - PHYSICAL DESCRIPTION
Extent 18, 390 p.
Other physical details illus., map, ports.
Dimensions 22 cm.
500 ## - GENERAL NOTE
General note In Hindi; includes Sanskrit text by Kālids̄a, and commentary.
500 ## - GENERAL NOTE
General note Appendices (p. [209]-389)
504 ## - BIBLIOGRAPHY, ETC. NOTE
Bibliography, etc. note Bibliographical footnotes.
600 00 - SUBJECT ADDED ENTRY--PERSONAL NAME
Personal name Kālidāsa.
Title of a work Meghadūta.
700 0# - ADDED ENTRY--PERSONAL NAME
Personal name Kālidāsa.
Title of a work Meghadūta.
700 1# - ADDED ENTRY--PERSONAL NAME
Personal name Sharma, Ramavatar,
Dates associated with a name -1929.
Title of a work Kālidāsa : paricaya aura kāla-nirṇaya.

No items available.

Powered by Koha